সুন্দরবনাঞ্চলের লোকসংস্কৃতি : (Record no. 78206)
[ view plain ]
| 000 -LEADER | |
|---|---|
| fixed length control field | 01819nam a2200265 a 4500 |
| 001 - CONTROL NUMBER | |
| control field | 78206 |
| 003 - CONTROL NUMBER IDENTIFIER | |
| rucl marc code | BD-RjUL |
| 005 - DATE AND TIME OF LATEST TRANSACTION | |
| control field | 20211209083113.0 |
| 008 - FIXED-LENGTH DATA ELEMENTS--GENERAL INFORMATION | |
| fixed length control field | 210413s2006 bg a|||| m||| 00| 0 ben d |
| 035 ## - SYSTEM CONTROL NUMBER | |
| System control number | (BD-RjUL)78432 |
| 040 ## - CATALOGING SOURCE | |
| Original cataloging agency | BD-RjUL |
| Language of cataloging | ben / eng |
| Transcribing agency | BD-RjUL |
| Modifying agency | BD-RjUL |
| 041 ## - LANGUAGE CODE | |
| Language code of text/sound track or separate title | ben |
| 082 ## - DEWEY DECIMAL CLASSIFICATION NUMBER | |
| Classification number | 398.0954925 |
| Author mark and year | RAS 2006 |
| Edition number | 23 |
| 100 ## - MAIN ENTRY--PERSONAL NAME | |
| Personal name | রায়, প্রণব কুমার |
| 9 (RLIN) | 246979 |
| 245 ## - TITLE STATEMENT | |
| Title | সুন্দরবনাঞ্চলের লোকসংস্কৃতি : |
| Remainder of title | ঐতিহ্য ও বিবর্তন / |
| Statement of responsibility, etc. | প্রণব কুমার রায় ; |
| Linkage | প্রধান তত্ত্বাবধায়ক : সাইফুদ্দীন চৌধুরী ; সহ. তত্ত্বাবধায়ক : মো. আবুল ফজল |
| 260 ## - PUBLICATION, DISTRIBUTION, ETC. (IMPRINT) | |
| Place of publication, distribution, etc. | রাজশাহী : |
| Name of publisher, distributor, etc. | ফোকলোর বিভাগ, রাজশাহী বিশ্ববিদ্যালয়, |
| Date of publication, distribution, etc. | ২০০৬ |
| 300 ## - PHYSICAL DESCRIPTION | |
| Pagination | [৭], ২২৮ পাতা : |
| Illustrations | চিত্র ; |
| Size | ৩০ সেমি. |
| 502 ## - DISSERTATION NOTE | |
| Dissertation note | থিসিস (এম. ফিল.) -- ফোকলোর বিভাগ, রাজশাহী বিশ্ববিদ্যালয়, ২০০৬ |
| 504 ## - BIBLIOGRAPHY, ETC. NOTE | |
| Bibliography, etc | গ্রন্থপঞ্জি : পাতা [২২৩] - ২২৮ |
| 650 ## - SUBJECT ADDED ENTRY--TOPICAL TERM | |
| Topical term or geographic name as entry element | লোকসংস্কৃতি |
| General subdivision | ইতিহাস |
| Geographic subdivision | বাংলাদেশ |
| -- | খুলনা জেলা |
| -- | সুন্দরবন অঞ্চল |
| 9 (RLIN) | 246980 |
| Topical term or geographic name as entry element | Folklore |
| General subdivision | History |
| Geographic subdivision | Bangladesh |
| -- | Sundarbans region |
| -- | Khulna district |
| 9 (RLIN) | 246981 |
| 700 ## - ADDED ENTRY--PERSONAL NAME | |
| Personal name | চৌধুরী, সাইফুদ্দীন, প্রধান তত্ত্বাবধায়ক |
| Personal name | ফজল, মো. আবুল, সহ. তত্ত্বাবধায়ক |
| 942 ## - ADDED ENTRY ELEMENTS (KOHA) | |
| Source of classification or shelving scheme | Dewey Decimal Classification |
| Koha item type | Theses |
| Lost status | Source of classification or shelving scheme | Damaged status | Not for loan | Collection code | Permanent Location | Current Location | Shelving location | Date acquired | Source of acquisition | Total Checkouts | Full call number | Date last seen | Copy number | Koha item type |
|---|---|---|---|---|---|---|---|---|---|---|---|---|---|---|
| Dewey Decimal Classification | Not For Loan | Theses | Central Library, University of Rajshahi | Central Library, University of Rajshahi | Documentation Section | 15/02/2007 | Controller of Exam., R.U. | BTHE 398.0954925 RAS 2006 | 13/04/2021 | C-1 | Theses |